Must See TV Quiz Stats

Quiz Updated Feb 16, 2012

Also try: 4 Letter TV Series
Challenge
Share
Tweet
Embed
Score 0/170 Timer 12:00
1 Play Today
Year TV Show % Correct
1994-1995Friends
82.2%
1995-1996Friends
82.2%
1996-1997Friends
82.2%
1997-1998Friends
82.2%
1998-1999Friends
82.2%
1999-2000Friends
82.2%
2000-2001Friends
82.2%
2001-2002Friends
82.2%
2002-2003Friends
82.2%
2003-2004Friends
82.2%
1990-1991Seinfeld
71.3%
1992-1993Seinfeld
71.3%
1993-1994Seinfeld
71.3%
1994-1995Seinfeld
71.3%
1995-1996Seinfeld
71.3%
1996-1997Seinfeld
71.3%
1997-1998Seinfeld
71.3%
1982-1983Cheers
67.6%
1983-1984Cheers
67.6%
1984-1985Cheers
67.6%
1985-1986Cheers
67.6%
1986-1987Cheers
67.6%
1987-1988Cheers
67.6%
1988-1989Cheers
67.6%
1989-1990Cheers
67.6%
1990-1991Cheers
67.6%
1991-1992Cheers
67.6%
1992-1993Cheers
67.6%
2005-2006The Office
63.5%
2006-2007The Office
63.5%
2007-2008The Office
63.5%
2008-2009The Office
63.5%
2006-200730 Rock
59.8%
2007-200830 Rock
59.8%
2008-200930 Rock
59.8%
1994-1995ER
59.2%
1995-1996ER
59.2%
1996-1997ER
59.2%
1997-1998ER
59.2%
1998-1999ER
59.2%
1999-2000ER
59.2%
2000-2001ER
59.2%
2001-2002ER
59.2%
2002-2003ER
59.2%
2003-2004ER
59.2%
2004-2005ER
59.2%
2005-2006ER
59.2%
2006-2007ER
59.2%
2007-2008ER
59.2%
2008-2009ER
59.2%
1993-1994Frasier
55.3%
1998-1999Frasier
55.3%
1999-2000Frasier
55.3%
1984-1985The Cosby Show
45.3%
1985-1986The Cosby Show
45.3%
1986-1987The Cosby Show
45.3%
1987-1988The Cosby Show
45.3%
Year TV Show % Correct
1988-1989The Cosby Show
45.3%
1989-1990The Cosby Show
45.3%
1990-1991The Cosby Show
45.3%
1991-1992The Cosby Show
45.3%
2008-2009Parks and Recreation
43.1%
1998-1999Will & Grace
33.2%
2000-2001Will & Grace
33.2%
2001-2002Will & Grace
33.2%
2002-2003Will & Grace
33.2%
2003-2004Will & Grace
33.2%
2004-2005Will & Grace
33.2%
2005-2006Will & Grace
33.2%
2002-2003Scrubs
26.9%
2003-2004Scrubs
26.9%
2006-2007Scrubs
26.9%
2007-2008Scrubs
26.9%
1993-1994Mad About You
26.5%
1994-1995Mad About You
26.5%
2004-2005Joey
26%
2005-2006Joey
26%
1983-1984Family Ties
24.9%
1984-1985Family Ties
24.9%
1985-1986Family Ties
24.9%
1986-1987Family Ties
24.9%
2005-2006My Name is Earl
23.8%
2006-2007My Name is Earl
23.8%
2007-2008My Name is Earl
23.8%
2008-2009My Name is Earl
23.8%
1986-1987LA Law
23.4%
1987-1988LA Law
23.4%
1988-1989LA Law
23.4%
1989-1990LA Law
23.4%
1990-1991LA Law
23.4%
1991-1992LA Law
23.4%
1992-1993LA Law
23.4%
1993-1994LA Law
22.6%
1987-1988A Different World
22.2%
1988-1989A Different World
22.2%
1989-1990A Different World
22.2%
1990-1991A Different World
22.2%
1991-1992A Different World
22.2%
1992-1993A Different World
22.2%
1981-1982Hill Street Blues
21.9%
1982-1983Hill Street Blues
21.9%
1983-1984Hill Street Blues
21.9%
1984-1985Hill Street Blues
21.9%
1985-1986Hill Street Blues
21.9%
1986-1987Hill Street Blues
21.9%
1984-1985Night Court
20.3%
1985-1986Night Court
20.3%
1986-1987Night Court
20.3%
1987-1988Night Court
20.3%
1989-1990Wings
19.1%
1990-1991Wings
19.1%
1991-1992Wings
19.1%
1992-1993Wings
19.1%
1993-1994Wings
19.1%
Year TV Show % Correct
2008-2009SNL Thursday Night Live
16.6%
1982-1983Taxi
16.1%
1997-1998Just Shoot Me
14.3%
2000-2001Just Shoot Me
14.3%
2001-2002Just Shoot Me
14.3%
1981-1982Diff'rent Strokes
14%
1996-1997Suddenly Susan
12.7%
1995-1996Caroline in the City
11.9%
1997-1998Veronica's Closet
10.8%
1998-1999Veronica's Closet
10.8%
2003-2004The Apprentice
9.8%
2004-2005The Apprentice
9.8%
2005-2006The Apprentice
9.8%
1995-1996The Single Guy
9.7%
1996-1997The Single Guy
9.7%
2006-2007Deal or no Deal
7.1%
2007-2008Deal or no Deal
7.1%
1998-1999Jesse
6.8%
1999-2000Jesse
6.8%
2008-2009Kath & Kim
6.7%
1981-1982Gimme a Break
6.6%
1982-1983Gimme a Break
6.6%
1983-1984Gimme a Break
6.6%
1988-1989Dear John
6.4%
1989-1990Dear John
6.4%
2003-2004Coupling
6.2%
1995-1996Boston Common
6.1%
1981-1982Fame
6%
1982-1983Fame
6%
2008-2009Southland
5.7%
1983-1984Mama's Family
5.1%
2002-2003Good Morning, Miami
5%
2007-2008Celebrity Apprentice
4.7%
1989-1990Grand
4.6%
1990-1991Grand
4.6%
1981-1982Harper Valley
4.1%
1999-2000Stark Raving Mad
4%
1983-1984Buffalo Bill
4%
1996-1997Fired Up
4%
1997-1998Union Square
4%
1994-1995Hope & Gloria
3.9%
1996-1997The Naked Truth
3.9%
2000-2001Cursed
3.8%
1994-1995Madman of the People
3.8%
1981-1982Lewis & Clark
3.8%
1999-2000Daddio
3.8%
2007-2008Lipstick Jungle
3.6%
2005-2006Four Kings
3.5%
1983-1984We Got It Made
3.5%
2001-2002Inside Schwartz
3.4%
1987-1988Day by Day
3.3%
1992-1993Out all Night
3.3%
1992-1993Rhythm & Blues
3.2%
2001-2002Leap of Faith
3.1%
1999-2000Battery Park
3%
2006-2007Andy Barker, P.I.
2.9%

You're not logged in!

Compare scores with friends on all Sporcle quizzes.
Sign Up with Email
OR
Log In

You Might Also Like...

Show Comments

Extras

Top Quizzes Today


Score Distribution

Your Account Isn't Verified!

In order to create a playlist on Sporcle, you need to verify the email address you used during registration. Go to your Sporcle Settings to finish the process.